Bioethics in America (Record no. 10283)
[ view plain ]
| 000 -LEADER | |
|---|---|
| fixed length control field | 01238nam a2200325Ia 4500 |
| 082 04 - DEWEY DECIMAL CLASSIFICATION NUMBER | |
| Classification number | 174/.2/0973 |
| 100 1# - MAIN ENTRY--AUTHOR NAME | |
| Personal name | Stevens, M. L. Tina. |
| 245 10 - TITLE STATEMENT | |
| Title | Bioethics in America |
| 260 ## - PUBLICATION, DISTRIBUTION, ETC. (IMPRINT) | |
| Place of publication | Baltimore : |
| Name of publisher | Johns Hopkins University Press, |
| Year of publication | c2000. |
| 300 ## - PHYSICAL DESCRIPTION | |
| Number of Pages | xvi, 204 p. |
| 500 ## - GENERAL NOTE | |
| General note | Notes: p. 161-194. |
| General note | Includes index. |
| 650 #0 - SUBJECT ADDED ENTRY--TOPICAL TERM | |
| Topical Term | Medical ethics |
| Topical Term | Bioethics |
| 856 40 - ELECTRONIC LOCATION AND ACCESS | |
| Uniform Resource Identifier | http://site.ebrary.com/lib/rucke/Doc?id=10021578 |
No items available.
